| 000 | 01010nam a22003017a 4500 | ||
|---|---|---|---|
| 001 | 5925 | ||
| 003 | FISKH | ||
| 005 | 20250207113619.0 | ||
| 008 | 250207b cb ||||| |||| 00| 0 eng d | ||
| 020 | _a0439382068 | ||
| 040 |
_aFISKH _beng _cFISKH _dFISKH |
||
| 050 | _aF8765 | ||
| 082 | _a813.54 | ||
| 100 |
_aFrench, Vivian _d(1945-) |
||
| 245 |
_aIggy pig's snowball fight! / _cVivian French ; Illustrated by David Melling |
||
| 250 | _aThis edition first published in 2002 | ||
| 260 |
_aLondon : _bScholastic, _c1999. |
||
| 300 |
_a42 pages : _billustrations ; _c20 cm |
||
| 505 | _aG | ||
| 520 | _aIggy Pig looks out of his window and everything is white! Iggy is intrigued, what is this white stuff! And can he eat it? But Mother Pig puts him straight and bundles Iggy up to go out and play. | ||
| 521 | 8 |
_a370
_bLexile |
|
| 521 | 8 |
_aG
_bRaz-Plus |
|
| 650 |
_2Snow _aWinter |
||
| 650 |
_2Seasons _aPigs |
||
| 700 |
_aMelling, David _dillustrator |
||
| 942 |
_2ddc _cBK _n0 |
||
| 999 |
_c5925 _d5925 |
||